00601nam a2200205 i 450000100060000000300090000600500170001500700030003200800410003508000210007610000310009724500430012825000120017126000680018330000220025149000350027371000310030883000350033985200210037447537ES-MaACL20250823085843.0t|030505s1963 pr ||||1| spa d a821.134.2-14"19"1 aOtero, Blas de,d1916-197910aEsto no es un libro / cBlas de Otero. a1ยช ed. aSan Juan de Puerto Rico : bUniversidad de Puerto Rico, c1963. a180 p. ; c22 cm.1 aCuadernos de cultura y cultivo2 aUniversidad de Puerto Rico1 aCuadernos de cultura y cultivo aES-MaACLjG-6005